000 02308nam a22004211i 4500
001 ebr10777970
003 CaPaEBR
006 m o d
007 cr cn|||||||||
008 130314t20122012sz a ob 101 0 eng d
020 _z303785541X (pbk.)
020 _a9783038139225 (e-book)
020 _z9783037855416
040 _aCaPaEBR
_beng
_erda
_epn
_cCaPaEBR
035 _a(OCoLC)868961331
050 1 4 _aTA401.3
_b.I54934 2012eb
111 2 _aInternational Conference on Environmental Science and Material Application
_d(2012 :
_cBeijing, China)
245 1 0 _aAdvanced research on environmental science and material application :
_bselected, peer reviewed papers from the 2012 International Conference on Environmental Science and Material Application (ESME2012), October 13-14, 2012, Beijing, China /
_cedited by Helen Zhang, David Jin and X.J. Zhao.
264 1 _aDurnten-Zurich :
_bTrans Tech Publications,
_c[2012]
264 4 _c�2012
300 _a1 online resource (293 pages) :
_billustrations.
336 _atext
_2rdacontent
337 _acomputer
_2rdamedia
338 _aonline resource
_2rdacarrier
440 0 _aAdvanced materials research,
_x1022-6680 ;
_vv. 600
504 _aIncludes bibliographical references and indexes.
588 _aDescription based on print version record.
590 _aElectronic reproduction. Palo Alto, Calif. : ebrary, 2013. Available via World Wide Web. Access may be limited to ebrary affiliated libraries.
650 0 _aEnvironmental sciences
_vCongresses.
650 0 _aMaterials science
_vCongresses.
655 0 _aElectronic books.
700 1 _aJin, David.
700 1 _aZhang, Helen.
700 1 _aZhao, X. J.
776 0 8 _iPrint version:
_tAdvanced research on environmental science and material application : selected, peer reviewed papers from the 2012 International Conference on Environmental Science and Material Application (ESME2012), October 13-14, 2012, Beijing, China.
_dDurnten-Zurich : Trans Tech Publications, [2012]
_hxii, 284 pages : illustrations ; 24 cm.
_kAdvanced materials research ; v. 600.
_z9783037855416
_w(OCoLC)821688975
_w(DLC) 2012538880
797 2 _aebrary.
856 4 0 _uhttp://site.ebrary.com/lib/rucke/Doc?id=10777970
_zAn electronic book accessible through the World Wide Web; click to view
999 _c131456
_d131456